| 000 | 00589nam a2200181 a 4500 | ||
|---|---|---|---|
| 008 | 120416s1998 ||||||||||||||||| || u | ||
| 020 | _a0333696328 | ||
| 050 | _aJF 51 Hag | ||
| 100 | _aHague, Rod | ||
| 245 | 1 | 0 | _aComparative government and politics |
| 246 | _aan introduction | ||
| 250 | _a4th ed. | ||
| 260 |
_aLondon _bMacmillan _c1998 |
||
| 350 | _a0.00 | ||
| 650 | _aPOLITICAL THEORY--GOVERNMENT | ||
| 650 | _aGOVERNMENT | ||
| 995 |
_D0.00 _FCBU-MAIN LIBRARY (Kitwe) _H1 _I9.95 _M1 _UAVAILABLE _ZMain Library Open Access Collection |
||
| 999 |
_c38020 _d38020 |
||